Journal of Oral and Maxillofacial Surgery (Record no. 22697)

MARC details
000 -LEADER
fixed length control field 00247nam a22001097a 4500
003 - CONTROL NUMBER IDENTIFIER
control field SGT
022 ## - INTERNATIONAL STANDARD SERIAL NUMBER
International Standard Serial Number 0278-2391
245 ## - TITLE STATEMENT
Title Journal of Oral and Maxillofacial Surgery
260 ## - PUBLICATION, DISTRIBUTION, ETC. (IMPRINT)
Place of publication, distribution, etc New York
Name of publisher, distributor, etc Elsevier
Year of Publication 2022
310 ## - CURRENT PUBLICATION FREQUENCY
Current publication frequency Monthly
942 ## - ADDED ENTRY ELEMENTS (KOHA)
Source of classification or shelving scheme Dewey Decimal Classification
Koha item type Loose Journals
942 ## - ADDED ENTRY ELEMENTS (KOHA)
-- 1
Holdings
Withdrawn status Lost status Source of classification or shelving scheme Damaged status Not for loan Home library Current library Shelving location Date acquired Vendor Name SGTU Bill Number Total Checkouts Date last seen Bill Date Koha item type
    Dewey Decimal Classification   Not For Loan SGT Dental Library SGT Dental Library On Display 22/04/2022 Avags Information Systems SGTU AIS/2021-22/INPJR/1381   04/05/2022 15/02/2022 Loose Journals